<?xml version="1.0" encoding="UTF-8"?><?xml-stylesheet type="text/xsl" href="static/style.xsl"?><OAI-PMH xmlns="http://www.openarchives.org/OAI/2.0/" xmlns:xsi="http://www.w3.org/2001/XMLSchema-instance" xsi:schemaLocation="http://www.openarchives.org/OAI/2.0/ http://www.openarchives.org/OAI/2.0/OAI-PMH.xsd"><responseDate>2026-04-13T01:27:34Z</responseDate><request verb="GetRecord" identifier="oai:www.recercat.cat:2117/446190" metadataPrefix="marc">https://recercat.cat/oai/request</request><GetRecord><record><header><identifier>oai:recercat.cat:2117/446190</identifier><datestamp>2026-02-04T06:08:33Z</datestamp><setSpec>com_2072_1033</setSpec><setSpec>col_2072_452950</setSpec></header><metadata><record xmlns="http://www.loc.gov/MARC21/slim" xmlns:dcterms="http://purl.org/dc/terms/" xmlns:xsi="http://www.w3.org/2001/XMLSchema-instance" xmlns:doc="http://www.lyncode.com/xoai" xsi:schemaLocation="http://www.loc.gov/MARC21/slim http://www.loc.gov/standards/marcxml/schema/MARC21slim.xsd">
   <leader>00925njm 22002777a 4500</leader>
   <datafield ind2=" " ind1=" " tag="042">
      <subfield code="a">dc</subfield>
   </datafield>
   <datafield ind2=" " ind1=" " tag="720">
      <subfield code="a">Lloret, Francisco</subfield>
      <subfield code="e">author</subfield>
   </datafield>
   <datafield ind2=" " ind1=" " tag="720">
      <subfield code="a">Mattana, Stefania</subfield>
      <subfield code="e">author</subfield>
   </datafield>
   <datafield ind2=" " ind1=" " tag="720">
      <subfield code="a">Curiel Yuste, Jorge</subfield>
      <subfield code="e">author</subfield>
   </datafield>
   <datafield ind2=" " ind1=" " tag="260">
      <subfield code="c">2015-02-01</subfield>
   </datafield>
   <datafield ind2=" " ind1=" " tag="520">
      <subfield code="a">This study reports the relationship between the diversity and functioning of fungal and bacterial soil communities with vegetation in Mediterranean woodland that experienced severe die-off after a drought episode. Terminal restriction fragment length polymorfism (TRFLP) was used to describe microbial community structure and diversity five years after the episode in different habitats (Juniperus woodland, shrubland, grassland), when the vegetation had not yet recovered. Vegetation diversity was positively related to TRF bacterial richness under unaffected canopies and was higher in diverse grassland. Fungal TRF richness correlated with vegetation type, being greater in Juniperus woodland. Microbial respiration increased in grassland, whereas microbial biomass, estimated from soil substrate-induced respiration (SIR), decreased with bacterial diversity. Die-off increased bacterial richness and changed bacterial composition, particularly in Juniperus woodland, where herbaceous species increased, while fungal diversity was reduced in Juniperus woodland. Die-off increased microbial respiration rates. The impact on vegetation from extreme weather episodes spread to microbial communities by modifying vegetation composition and litter quantity and quality, particularly as a result of the increase in herbaceous species. Our results suggest that climate-induced die-off triggers significant cascade effects on soil microbial communities, which may in turn further influence ecosystem C dynamics.</subfield>
   </datafield>
   <datafield ind2=" " ind1=" " tag="520">
      <subfield code="a">Postprint (published version)</subfield>
   </datafield>
   <datafield tag="653" ind2=" " ind1=" ">
      <subfield code="a">Àrees temàtiques de la UPC::Enginyeria agroalimentària::Ciències de la terra i de la vida::Climatologia i meteorologia</subfield>
   </datafield>
   <datafield tag="653" ind2=" " ind1=" ">
      <subfield code="a">Àrees temàtiques de la UPC::Desenvolupament humà i sostenible::Degradació ambiental::Canvi climàtic</subfield>
   </datafield>
   <datafield tag="653" ind2=" " ind1=" ">
      <subfield code="a">Climate change</subfield>
   </datafield>
   <datafield tag="653" ind2=" " ind1=" ">
      <subfield code="a">Drought episode</subfield>
   </datafield>
   <datafield tag="653" ind2=" " ind1=" ">
      <subfield code="a">Extreme climatic event</subfield>
   </datafield>
   <datafield tag="653" ind2=" " ind1=" ">
      <subfield code="a">Microbial diversity</subfield>
   </datafield>
   <datafield tag="653" ind2=" " ind1=" ">
      <subfield code="a">Soil microbial community</subfield>
   </datafield>
   <datafield tag="653" ind2=" " ind1=" ">
      <subfield code="a">Microbial soil respiration</subfield>
   </datafield>
   <datafield ind2="0" ind1="0" tag="245">
      <subfield code="a">Climate-induced die-off affects plant–soil–microbe ecological relationship and functioning</subfield>
   </datafield>
</record></metadata></record></GetRecord></OAI-PMH>